Nuclear Weapons and Explosions: (Record no. 328438)

000 -LEADER
fixed length control field nam a22 7a 4500
003 - CONTROL NUMBER IDENTIFIER
control field Nust
005 - DATE AND TIME OF LATEST TRANSACTION
control field 20170407110752.0
008 - FIXED-LENGTH DATA ELEMENTS--GENERAL INFORMATION
fixed length control field 170407b xxu||||| |||| 00| 0 eng d
020 ## - INTERNATIONAL STANDARD BOOK NUMBER
International Standard Book Number 9788189741495
040 ## - CATALOGING SOURCE
Transcribing agency 0
082 ## - DEWEY DECIMAL CLASSIFICATION NUMBER
Classification number 355.0217 YAD
100 ## - MAIN ENTRY--PERSONAL NAME
Personal name Yadav,M.S
245 ## - TITLE STATEMENT
Title Nuclear Weapons and Explosions:
Remainder of title Environmental Impacts and Other Effects
260 ## - PUBLICATION, DISTRIBUTION, ETC.
Place of publication, distribution, etc. New Delhi
Name of publisher, distributor, etc. SBS Publishers & Distributors
Date of publication, distribution, etc. 2007
300 ## - PHYSICAL DESCRIPTION
Extent 335p.
500 ## - GENERAL NOTE
General note H.B
942 ## - ADDED ENTRY ELEMENTS (KOHA)
Source of classification or shelving scheme
Koha item type Book
Call number prefix 355.0217 YAD
Holdings
Withdrawn status Lost status Source of classification or shelving scheme Damaged status Not for loan Collection code Permanent Location Current Location Shelving location Date acquired Total Checkouts Full call number Barcode Date last seen Price effective from Koha item type
            Central Library (CL) Central Library (CL) General Stacks 04/07/2017   355.0217 YAD IESE-3028 04/07/2017 04/07/2017 Book
© 2023 Central Library, National University of Sciences and Technology. All Rights Reserved.